000 00354nam a22001337a 4500
082 _a297.7
_bKHU
_cL-31,P-59
100 _aKhurram Murad
_937498
245 _aThe desert chief
_cKhurram murad
260 _aIslamabd:
_bBook promoters
_c1984
300 _a24p.
_cill.:
526 _a0
_b0
_c0
_d297_700000000000000_KHU
650 _aMCE
_9379
942 _2ddc
_cBK
999 _c542366
_d542366